000 00420nam a2200157 4500
001 144323
003 ES-MaACL
005 20230906201007.0
007 t|
008 070214s1905 it r ||||1| ita d
100 1 _aSighele, Scipio.
_9106306
245 1 0 _aLetterature tragica /
_cScipio Sighele.
260 _aMilano :
_b[s.n.],
_c1905 (
_fFratelli Treves)
300 _a290 p. ;
_c19 cm.
852 _aES-MaACL
_jF-6755
999 _c144323
_d144323